000 00446nam a22001697a 4500
005 20180305110504.0
008 160526b xxu||||| |||| 00| 0 eng d
020 _a81-7808-685-9
041 _aeng
082 _b5284
_a332
100 _aFabozzi, Frank J. and Others
_91162
245 _aFoundations of Financial Market and Institutions
260 _aNew Delhi
_bAcademic Faundation
300 _a628
650 _aManagement
_9241
942 _cBK
999 _c1848
_d1847